Biogas del mar /

Guardado en:
Formato: Deslizar
Series:Frágil Planeta Tierra
Materias:
Etiquetas: Agregar Etiqueta
Sin Etiquetas, Sea el primero en etiquetar este registro!
LEADER 00882ngm a22002535g 4500
001 CEM.cems021444
008 130507b1992##################0###0#####d
005 20240823155921.0
245 0 0 |a Biogas del mar / 
300 |a 40 
490 0 |a Frágil Planeta Tierra 
500 |a En soporte VHS, consultar en ventanilla. 
505 0 |a Fermentación de materia orgánica marina. El gas obtenido de este proceso y uso posterior. Experimentos con algas para su aprovechamiento. Uso de la Bioenergía. Fitoplancton. 
538 |a Soporte: VHS - Norma: Pal N - Color - Grabación Drd 1992 - Hitachi=3035 
082 5 3 |/ CAM 
653 |a ECOLOGIA 
653 |a BIOGAS 
653 |a BIOLOGIA 
653 |a FITOPLANCTON 
653 |a ALGAS 
653 |a BIOENERGIA 
653 |a ENERGIA 
653 |a NIVEL SECUNDARIO 
859 |a CEMS  |b BIB. CEMS - Depto. Recursos Didacticos  |h 530  |i CAM  |k DRD  |p 87.12  |t Ej.1